| 000 | 00418nam a22001697a 4500 | ||
|---|---|---|---|
| 003 | NUST - PNEC | ||
| 005 | 20170116180837.0 | ||
| 008 | 150811b xxu||||| |||| 00| 0 eng d | ||
| 020 | _a0072509775 | ||
| 040 | _cLIBRARY | ||
| 082 | _a530 GRI | ||
| 100 |
_95076 _aGriffith, W. Thomas |
||
| 245 |
_aThe physics of everyday phenomena _cW. Thomas |
||
| 250 | _a4th ed | ||
| 650 |
_95077 _aPhysics _x- |
||
| 942 |
_2ddc _cBK |
||
| 999 |
_c64266 _d64266 |
||